[Event "4NCL Online Division 6"]
[Site "online"]
[Date "2020.09.22"]
[Round "3.211"]
[White "Tait, Bill"]
[Black "Hosker, Monika"]
[Result "1-0"]
[WhiteElo "1640"]
[BlackElo "1292"]
[PlyCount "141"]
[EventDate "2020.09.22"]
[WhiteTeam "Bradford DCA Knights C"]
[BlackTeam "Horsham 3"]

1. e4 c6 2. d4 d5 3. e5 Bf5 4. Bd3 Bxd3 5. Qxd3 e6 6. Nf3 h6 7. O-O Ne7 8. a3
Nf5 9. c3 Be7 10. Nbd2 O-O 11. b4 b5 12. Bb2 Nd7 13. a4 a6 14. a5 f6 15. g4
fxe5 16. gxf5 e4 17. Nxe4 dxe4 18. Qxe4 Rxf5 19. Qxe6+ Rf7 20. Rae1 Nf8 21. Qe4
Bd6 22. Ne5 Qg5+ 23. Qg2 Qxg2+ 24. Kxg2 Rc7 25. f4 Nd7 26. Nxd7 Rxd7 27. Re6
Kf7 28. Re4 Re8 29. Rxe8 Kxe8 30. Re1+ Kf7 31. Bc1 Kf6 32. Kf3 Kf5 33. Re8 g5
34. fxg5 hxg5 35. Rg8 Bxh2 36. Rxg5+ Ke6 37. Ke4 Rd5 38. Rg6+ Kf7 39. Rxc6 Rh5
40. Rxa6 Rh4+ 41. Kd3 Rh3+ 42. Kc2 Rg3 43. Rb6 Rg2+ 44. Kb3 Rg1 45. Bb2 Rb1 46.
Rxb5 Ke7 47. a6 Bf4 48. Ka2 Rh1 49. a7 Rh8 50. Kb3 Kd7 51. Ra5 Ra8 52. c4 Bc7
53. Ra4 Kc6 54. d5+ Kb7 55. Bd4 Rg8 56. a8=Q+ Rxa8 57. Rxa8 Kxa8 58. c5 Kb7 59.
Kc4 Ka6 60. b5+ Kb7 61. Bf6 Kc8 62. d6 Bd8 63. Bxd8 Kxd8 64. Kd5 Kc8 65. Ke6
Kb7 66. Ke7 Kc8 67. d7+ Kb7 68. d8=Q Ka7 69. b6+ Kb7 70. Qc7+ Ka8 71. Qa7# 1-0

[Event "4NCL Online Division 6"]
[Site "online"]
[Date "2020.09.22"]
[Round "3.212"]
[White "Roberts, Harry"]
[Black "Gallagher, Dominic"]
[Result "1/2-1/2"]
[WhiteElo "1240"]
[BlackElo "1630"]
[PlyCount "87"]
[EventDate "2020.09.22"]
[WhiteTeam "Horsham 3"]
[BlackTeam "Bradford DCA Knights C"]

1. e4 e5 2. Nf3 Nc6 3. Bb5 a6 4. Ba4 Nf6 5. O-O Be7 6. Re1 b5 7. Bb3 d6 8. c3
Na5 9. Bc2 c5 10. d4 cxd4 11. cxd4 Nc6 12. h3 O-O 13. Nbd2 Re8 14. Nf1 Bf8 15.
Ne3 g6 16. b3 Bg7 17. Bb2 Bb7 18. Nf1 Rc8 19. Rc1 Bh6 20. N1d2 Qb6 21. dxe5
dxe5 22. Re2 Nh5 23. Rb1 Nb4 24. Nf1 Nxc2 25. Rxc2 Bxe4 26. Rxc8 Rxc8 27. Bxe5
Bxb1 28. Bd4 Qe6 29. Qxb1 Nf4 30. Ba1 f6 31. N3h2 Ne2+ 32. Kh1 Qb6 33. Qe1 Nf4
34. Ng4 Bg7 35. Qe7 Qc7 36. Nxf6+ Bxf6 37. Qxf6 Nd5 38. Qh8+ Kf7 39. Qxh7+ Ke6
40. Qxg6+ Ke7 41. Qg7+ Ke6 42. Qg6+ Ke7 43. Qg7+ Ke6 44. Qg6+ 1/2-1/2

[Event "4NCL Online Division 6"]
[Site "online"]
[Date "2020.09.22"]
[Round "3.213"]
[White "Redmond, Nigel"]
[Black "Biddiss, Samuel"]
[Result "1-0"]
[WhiteElo "1565"]
[BlackElo "1037"]
[PlyCount "65"]
[EventDate "2020.09.22"]
[WhiteTeam "Bradford DCA Knights C"]
[BlackTeam "Horsham 3"]

1. e4 e6 2. d3 d5 3. Nd2 c5 4. Ngf3 Nf6 5. g3 g6 6. Bg2 Bg7 7. O-O O-O 8. Re1
Re8 9. e5 Nh5 10. Nf1 c4 11. g4 Nf6 12. exf6 Bxf6 13. dxc4 dxc4 14. Qxd8 Bxd8
15. Bf4 Bf6 16. Be5 Nd7 17. Bxf6 Nxf6 18. h3 Bd7 19. Ne5 Rab8 20. Nxd7 Nxd7 21.
Rad1 Red8 22. Rd6 a6 23. Red1 Nb6 24. Rxd8+ Rxd8 25. Rxd8+ Kg7 26. Bxb7 a5 27.
Ne3 Kf6 28. Rd6 Na4 29. Nxc4 Nc5 30. Bg2 a4 31. b3 Nxb3 32. cxb3 axb3 33. axb3
1-0

[Event "4NCL Online Division 6"]
[Site "online"]
[Date "2020.09.22"]
[Round "3.214"]
[White "Thorndyke, Alexander"]
[Black "Waite, Nicholas"]
[Result "1-0"]
[WhiteElo "1000"]
[BlackElo "1420"]
[PlyCount "37"]
[EventDate "2020.09.22"]
[WhiteTeam "Horsham 3"]
[BlackTeam "Bradford DCA Knights C"]

1. e4 d6 2. Nf3 e5 3. Bc4 Be7 4. O-O c6 5. d3 Nf6 6. Nc3 Nbd7 7. a4 b6 8. Ng5
O-O 9. f4 Ne8 10. Nxh7 Kxh7 11. Qh5+ Kg8 12. f5 Nef6 13. Qh3 a6 14. Rf3 Nh7 15.
Rg3 Bg5 16. Bxg5 Nxg5 17. Qg4 b5 18. axb5 cxb5 19. Ba2 1-0

[Event "4NCL Online Division 6"]
[Site "online"]
[Date "2020.09.22"]
[Round "3.221"]
[White "Munshi, Aryan"]
[Black "Morris, David"]
[Result "0-1"]
[WhiteElo "1148"]
[BlackElo "1915"]
[PlyCount "56"]
[EventDate "2020.09.22"]
[WhiteTeam "Phones Pals Rooks"]
[BlackTeam "Charlton Cobras"]

1. d4 Nf6 2. c4 c5 3. d5 e6 4. Nc3 exd5 5. cxd5 d6 6. Nf3 g6 7. e4 Bg7 8. Bd3
O-O 9. O-O Re8 10. h3 Na6 11. a3 Nc7 12. Re1 Rb8 13. Bf4 b6 14. Qc2 b5 15. a4
c4 16. Bf1 a6 17. axb5 axb5 18. Nd2 Nh5 19. Be3 f5 20. Ba7 Ra8 21. f3 Rxa7 22.
Na2 Qh4 23. Nb4 Rxa1 24. Rxa1 Bd4+ 25. Kh2 Qf4+ 26. Kh1 Ng3+ 27. Kh2 Nxf1+ 28.
Kh1 Qh2# 0-1

[Event "4NCL Online Division 6"]
[Site "online"]
[Date "2020.09.22"]
[Round "3.222"]
[White "Bazan, Mateusz"]
[Black "New, David"]
[Result "0-1"]
[WhiteElo "1660"]
[BlackElo "1193"]
[PlyCount "76"]
[EventDate "2020.09.22"]
[WhiteTeam "Charlton Cobras"]
[BlackTeam "Phones Pals Rooks"]

1. d4 Nf6 2. e4 Nxe4 3. f3 Nf6 4. g4 h6 5. h3 d5 6. b3 b6 7. c4 dxc4 8. bxc4
Bb7 9. Na3 Nbd7 10. Rb1 c5 11. Bd2 cxd4 12. Qc2 Nc5 13. Nb5 d3 14. Qxd3 Nxd3+
15. Kd1 Nf2+ 16. Kc2 Nxh1 17. Ne2 Bxf3 18. Ned4 Be4+ 19. Bd3 Bxd3+ 20. Kxd3 e5
21. Rxh1 exd4 22. Re1+ Be7 23. Nxd4 O-O 24. a4 Bc5 25. Re4 Nxe4 26. Kxe4 Qxd4+
27. Kf3 f5 28. Kg3 f4+ 29. Kh4 Be7+ 30. Kh5 g6+ 31. Kxg6 Rf6+ 32. Kh5 Qc5+ 33.
Kh4 Rf5+ 34. g5 Rxg5 35. Bxf4 Rg2+ 36. Bg5 Bxg5+ 37. Kh5 Bf4+ 38. Kh4 Qg5# 0-1

[Event "4NCL Online Division 6"]
[Site "online"]
[Date "2020.09.22"]
[Round "3.223"]
[White "McShane, James"]
[Black "Rogers, David M"]
[Result "1/2-1/2"]
[WhiteElo "1100"]
[BlackElo "1600"]
[PlyCount "54"]
[EventDate "2020.09.22"]
[WhiteTeam "Phones Pals Rooks"]
[BlackTeam "Charlton Cobras"]

1. e4 e6 2. d4 d5 3. Nc3 Bb4 4. exd5 exd5 5. Nf3 Ne7 6. Bd3 Nbc6 7. O-O O-O 8.
Ne2 Bf5 9. Bg5 Bxd3 10. Qxd3 h6 11. Bh4 Qd7 12. c3 Bd6 13. Rfe1 Nf5 14. Ng3
Nxh4 15. Nxh4 Ne7 16. Re2 Rae8 17. Rae1 c5 18. Nhf5 Nxf5 19. Qxf5 Qxf5 20. Nxf5
Rxe2 21. Rxe2 Rd8 22. Nxd6 Rxd6 23. dxc5 Ra6 24. b4 Ra3 25. Rc2 Kf8 26. Kf1 Ke7
27. Ke2 a5 1/2-1/2

[Event "4NCL Online Division 6"]
[Site "online"]
[Date "2020.09.22"]
[Round "3.224"]
[White "Verbytski, Oleg"]
[Black "Lukhi, Neev"]
[Result "1-0"]
[WhiteElo "1450"]
[BlackElo "970"]
[PlyCount "129"]
[EventDate "2020.09.22"]
[WhiteTeam "Charlton Cobras"]
[BlackTeam "Phones Pals Rooks"]

1. e4 e5 2. Nf3 Nc6 3. Bc4 Bc5 4. Nc3 Nf6 5. O-O d6 6. d3 h6 7. Re1 Bg4 8. h3
Bh5 9. Bb5 O-O 10. Bxc6 bxc6 11. Be3 Bb6 12. Bxb6 cxb6 13. Qe2 Re8 14. Qe3 Bg6
15. g4 d5 16. exd5 cxd5 17. Qd2 a6 18. Rxe5 Rxe5 19. Nxe5 d4 20. Ne2 Rc8 21.
Nf4 Bh7 22. Rc1 Qd6 23. Nc4 Qc6 24. Ne5 Qd6 25. Nf3 Nd5 26. Ne2 Nb4 27. a3 Nc6
28. Qf4 Qxf4 29. Nxf4 Rd8 30. Re1 g6 31. h4 b5 32. Kg2 b4 33. a4 a5 34. b3 Kg7
35. Re2 Kg8 36. Ne5 Ne7 37. Nc4 Nc6 38. g5 h5 39. Nb6 Kg7 40. Nbd5 Rd6 41. Nf6
Rd8 42. N4d5 Bg8 43. Ne7 Nxe7 44. Rxe7 Rc8 45. Re8 Rxe8 46. Nxe8+ Kf8 47. Nf6
Kg7 48. Kf3 Bh7 49. Ke4 Kf8 50. Kxd4 Bg8 51. Kc5 Ke7 52. Kc6 Ke6 53. d4 Bh7 54.
d5+ Ke7 55. d6+ Kd8 56. d7 Bg8 57. Nxg8 f5 58. Nf6 f4 59. f3 Ke7 60. Kc7 Kf7
61. d8=Q Ke6 62. Qd6+ Kf7 63. Qd7+ Kf8 64. Qe8+ Kg7 65. Qg8# 1-0

[Event "4NCL Online Division 6"]
[Site "online"]
[Date "2020.09.22"]
[Round "3.231"]
[White "Markov, Aleksa"]
[Black "Newton, Ben"]
[Result "1-0"]
[WhiteElo "1315"]
[BlackElo "1682"]
[PlyCount "41"]
[EventDate "2020.09.22"]
[WhiteTeam "Maidenhead 2"]
[BlackTeam "Ashton 2"]

1. e4 e6 2. d4 d5 3. exd5 exd5 4. Nc3 Nf6 5. Nf3 Bb4 6. Bd2 O-O 7. Bd3 Re8+ 8.
Ne5 Bxc3 9. Bxc3 Nfd7 10. O-O Nxe5 11. dxe5 Be6 12. Qe2 Nc6 13. Rfe1 Qd7 14.
Qh5 h6 15. Re3 d4 16. Rg3 Kh8 17. Bd2 Qd5 18. Bxh6 g6 19. Bg5+ Kg8 20. Bf6 Qc5
21. Qh8# 1-0

[Event "4NCL Online Division 6"]
[Site "online"]
[Date "2020.09.22"]
[Round "3.232"]
[White "Supatan, Dawn"]
[Black "Kumar, Satyam"]
[Result "1-0"]
[WhiteElo "1547"]
[BlackElo "1300"]
[PlyCount "106"]
[EventDate "2020.09.22"]
[WhiteTeam "Ashton 2"]
[BlackTeam "Maidenhead 2"]

1. e4 e5 2. Nc3 Nf6 3. f4 exf4 4. e5 Ng8 5. Nf3 Nc6 6. d4 d6 7. exd6 Bxd6 8.
Be2 Nf6 9. O-O Be6 10. d5 Bc5+ 11. Kh1 Nxd5 12. Nxd5 Qxd5 13. Qe1 O-O-O 14.
Bxf4 Qe4 15. Ng5 Qg6 16. Nxe6 Qxe6 17. Bd3 Rde8 18. Qg3 Bd6 19. Bxd6 Qxd6 20.
Qxg7 Rhg8 21. Qxh7 Rh8 22. Qf5+ Kb8 23. h3 Ne5 24. Be4 Qe6 25. Qxe6 Rxe6 26.
Bd5 Rb6 27. Rae1 Nc6 28. Bxc6 bxc6 29. Rxf7 Rxb2 30. Ree7 Rc8 31. h4 Rxc2 32.
h5 Rc4 33. Kg1 Rh4 34. Rf5 Rh8 35. Ree5 Kb7 36. g3 Rg4 37. Rg5 Rg8 38. Rxg8
Rxg8 39. Kf2 Kb6 40. h6 Rh8 41. Rh5 c5 42. Ke2 Kb5 43. Kd2 Kb4 44. Kc2 c4 45.
h7 a5 46. g4 Ka3 47. Rxa5+ Kb4 48. Rh5 c5 49. g5 c3 50. g6 Ra8 51. h8=Q Rxa2+
52. Kd3 Rd2+ 53. Ke3 c2 1-0

[Event "4NCL Online Division 6"]
[Site "online"]
[Date "2020.09.22"]
[Round "3.233"]
[White "Chen, William"]
[Black "Shaughnessy, Phillip"]
[Result "0-1"]
[WhiteElo "1270"]
[BlackElo "1510"]
[PlyCount "52"]
[EventDate "2020.09.22"]
[WhiteTeam "Maidenhead 2"]
[BlackTeam "Ashton 2"]

1. e4 e5 2. Nf3 Nc6 3. Bc4 Nf6 4. Ng5 d5 5. exd5 Nxd5 6. d4 exd4 7. Nxf7 Qe7+
8. Qe2 Qxe2+ 9. Kxe2 Kxf7 10. Bxd5+ Be6 11. Bxc6 bxc6 12. Rd1 Bc4+ 13. Kf3 Bd5+
14. Kg3 Bd6+ 15. f4 c5 16. c3 h5 17. h4 Rhe8 18. cxd4 cxd4 19. Rxd4 Bb7 20. Nc3
Re6 21. Nd5 Rg6+ 22. Kf2 Bc5 23. f5 Bxd4+ 24. Kf1 Ba6+ 25. Ke1 Re8+ 26. Kd1 Rc6
0-1

[Event "4NCL Online Division 6"]
[Site "online"]
[Date "2020.09.22"]
[Round "3.234"]
[White "Mundy, Jack"]
[Black "Balachandar, Sridhar"]
[Result "1-0"]
[WhiteElo "1472"]
[BlackElo "1200"]
[PlyCount "103"]
[EventDate "2020.09.22"]
[WhiteTeam "Ashton 2"]
[BlackTeam "Maidenhead 2"]

1. e4 e5 2. f4 Bc5 3. Nf3 d6 4. Nc3 Nf6 5. fxe5 dxe5 6. Bc4 Ng4 7. Rf1 Nc6 8.
Bxf7+ Kxf7 9. Nxe5+ Kg8 10. Nxg4 Qh4+ 11. Nf2 Bg4 12. Qxg4 Bxf2+ 13. Rxf2 Qxg4
14. d3 Nd4 15. Be3 Nxc2+ 16. Rxc2 Qh4+ 17. g3 Qh3 18. Nd5 Rf8 19. O-O-O Rf7 20.
Bc5 h6 21. Bxa7 Rf1 22. Nxc7 Rxd1+ 23. Kxd1 Qf1+ 24. Kd2 Kh7 25. Nd5 Ra8 26.
Bd4 Ra4 27. b4 Qg2+ 28. Kc3 Qh3 29. Kb3 b5 30. Rc7 h5 31. Rxg7+ Kh6 32. Rg6+
Kh7 33. Rb6 Qxh2 34. Nf6+ Kg7 35. Ng4+ Kf7 36. Nxh2 Ra8 37. Rxb5 Rg8 38. Be5
Ke6 39. Bf4 Rd8 40. Re5+ Kf6 41. Bg5+ Kxe5 42. Bxd8 Kd4 43. b5 Kxd3 44. b6 Kxe4
45. b7 Kf5 46. b8=Q h4 47. Qf4+ Ke6 48. Nf3 hxg3 49. Qf6+ Kd7 50. Ne5+ Kc8 51.
Qc6+ Kxd8 52. Qd7# 1-0

[Event "4NCL Online Division 6"]
[Site "online"]
[Date "2020.09.22"]
[Round "3.241"]
[White "Rodrigo, Y Jan"]
[Black "Leeson, Chris J P"]
[Result "1-0"]
[WhiteElo "1795"]
[BlackElo "1810"]
[PlyCount "31"]
[EventDate "2020.09.22"]
[WhiteTeam "Camborne Pendarves"]
[BlackTeam "Wessex Some Stars E"]

1. e4 d6 2. d4 Nf6 3. Nc3 Nbd7 4. Nf3 e5 5. dxe5 dxe5 6. Bc4 Be7 7. O-O c6 8.
h3 h6 9. Re1 b5 10. Bd3 Nc5 11. Be3 Nxd3 12. cxd3 O-O 13. Nxe5 Qc7 14. Bf4 Bd6
15. d4 Nh5 16. Qxh5 1-0

[Event "4NCL Online Division 6"]
[Site "online"]
[Date "2020.09.22"]
[Round "3.242"]
[White "Coburn, Joseph A"]
[Black "Gill, Percy TP"]
[Result "0-1"]
[WhiteElo "1802"]
[BlackElo "1757"]
[PlyCount "96"]
[EventDate "2020.09.22"]
[WhiteTeam "Wessex Some Stars E"]
[BlackTeam "Camborne Pendarves"]

1. d4 e6 2. c4 d5 3. Nf3 h6 4. g3 Nf6 5. Bg2 Be7 6. Nc3 O-O 7. O-O dxc4 8. Ne5
c5 9. dxc5 Bxc5 10. Qxd8 Rxd8 11. Nxc4 Nc6 12. Bf4 g5 13. Be3 Bxe3 14. Nxe3 Rb8
15. Rad1 Bd7 16. Rd2 Be8 17. Rfd1 Rxd2 18. Rxd2 Ne7 19. Nc4 Bc6 20. Ne5 Bxg2
21. Kxg2 Kg7 22. Nb5 Ng6 23. Nxg6 Kxg6 24. a3 a6 25. Nc3 Rc8 26. f3 Rc7 27. e4
Nd7 28. Kf2 Ne5 29. h3 Nc4 30. Rc2 Nxb2 31. Rxb2 Rxc3 32. a4 Rc4 33. Ra2 b5 34.
axb5 axb5 35. Rb2 b4 36. g4 Kf6 37. Kg3 Ke5 38. h4 Kd4 39. Rb3 Kc5 40. hxg5
hxg5 41. Kf2 Rc3 42. Rb1 Kc4 43. Ke2 b3 44. Kd2 Rc2+ 45. Ke3 b2 46. e5 Kc3 47.
f4 gxf4+ 48. Kxf4 Rc1 0-1

[Event "4NCL Online Division 6"]
[Site "online"]
[Date "2020.09.22"]
[Round "3.243"]
[White "Oates, Thomas"]
[Black "Pankaj Tomar"]
[Result "0-1"]
[WhiteElo "1682"]
[BlackElo "1787"]
[PlyCount "66"]
[EventDate "2020.09.22"]
[WhiteTeam "Camborne Pendarves"]
[BlackTeam "Wessex Some Stars E"]

1. d4 e6 2. c4 Be7 3. Nc3 Nf6 4. e4 d5 5. cxd5 exd5 6. e5 Ne4 7. Qc2 Nc6 8. Nf3
Nb4 9. Qb3 c5 10. a3 c4 11. Qd1 Nc6 12. Qc2 Bf5 13. Be3 Ng3 14. Qa4 Nxh1 15.
Be2 a6 16. Kd2 Qb6 17. Ra2 O-O 18. Nxd5 Qd8 19. Qxc4 Be6 20. Nxe7+ Nxe7 21. Qc1
Bxa2 22. Qxh1 Nd5 23. Qd1 Nxe3 24. Kxe3 Qb6 25. Qc2 Rac8 26. Qe4 f5 27. Qh4
Qxb2 28. Kf4 Qc1+ 29. Kg3 g5 30. Nxg5 Rc7 31. e6 Rg7 32. f4 Qe3+ 33. Bf3 Bxe6
0-1

[Event "4NCL Online Division 6"]
[Site "online"]
[Date "2020.09.22"]
[Round "3.244"]
[White "Cuthbert, Larissa"]
[Black "Pope, Martin"]
[Result "0-1"]
[WhiteElo "1472"]
[BlackElo "1660"]
[PlyCount "106"]
[EventDate "2020.09.22"]
[WhiteTeam "Wessex Some Stars E"]
[BlackTeam "Camborne Pendarves"]

1. e4 c6 2. d4 d5 3. Nc3 dxe4 4. Nxe4 Nd7 5. Nf3 Ngf6 6. Bd3 Nxe4 7. Bxe4 Nf6
8. Bd3 Bg4 9. Bf4 Qb6 10. b3 Bxf3 11. Qxf3 Qxd4 12. O-O e6 13. Rad1 Qb6 14.
Rfe1 Be7 15. Be5 O-O 16. Qh3 g6 17. Qh6 Rfd8 18. Re3 Rd5 19. Bb2 Rh5 20. Qf4
Nd5 21. Qe4 Nxe3 22. fxe3 Bc5 23. Qf3 Bxe3+ 24. Kh1 Bd4 25. Bxd4 Qxd4 26. Bxg6
Qxd1+ 27. Qxd1 hxg6 28. Qd7 Rd5 29. Qxd5 exd5 30. Kg1 Re8 31. Kf2 f5 32. Kf3 g5
33. h3 c5 34. g4 fxg4+ 35. hxg4 b5 36. a3 a5 37. c3 Re4 38. Kf2 Rxg4 39. Kf3
Rf4+ 40. Ke3 Kf7 41. Kd3 Ke6 42. b4 axb4 43. axb4 cxb4 44. cxb4 Rxb4 45. Kc3
Rc4+ 46. Kd3 Ke5 47. Ke3 b4 48. Kd3 b3 49. Kd2 b2 50. Ke2 b1=Q 51. Ke3 Qe4+ 52.
Kd2 Rc2+ 53. Kd1 Qe2# 0-1

[Event "4NCL Online Division 6"]
[Site "online"]
[Date "2020.09.22"]
[Round "3.251"]
[White "Ward, George"]
[Black "Stewart, Alastair G"]
[Result "0-1"]
[WhiteElo "1772"]
[BlackElo "1576"]
[PlyCount "62"]
[EventDate "2020.09.22"]
[WhiteTeam "MK Phoenix 3"]
[BlackTeam "East Kilbride Wanderers"]

1. Nf3 d6 2. d4 g6 3. c3 Bg7 4. e4 Nd7 5. Bg5 Ngf6 6. Bd3 e5 7. Qc1 h6 8. Bd2
d5 9. dxe5 Nxe4 10. O-O Nxe5 11. Nxe5 Bxe5 12. Bf4 Bxf4 13. Qxf4 Qd6 14. Qe3
Qc5 15. Qe2 O-O 16. Bxe4 Re8 17. Qd2 dxe4 18. Qxh6 e3 19. fxe3 Rxe3 20. Kh1 Re2
21. Nd2 Bd7 22. Qf4 Qd5 23. Nf3 Rxb2 24. Rg1 Bc6 25. c4 Qe4 26. Qxe4 Bxe4 27.
Ng5 Bc6 28. Raf1 Re8 29. Rb1 Bxg2+ 30. Rxg2 Rxb1+ 31. Rg1 Rb2 0-1

[Event "4NCL Online Division 6"]
[Site "online"]
[Date "2020.09.22"]
[Round "3.252"]
[White "Smith, Bob"]
[Black "Solloway, Colin J"]
[Result "1/2-1/2"]
[WhiteElo "1425"]
[BlackElo "1649"]
[PlyCount "113"]
[EventDate "2020.09.22"]
[WhiteTeam "East Kilbride Wanderers"]
[BlackTeam "MK Phoenix 3"]

1. Nf3 e6 2. c4 d5 3. b3 Nf6 4. g3 c6 5. Bg2 Be7 6. Bb2 Nbd7 7. O-O O-O 8. d3
Qb6 9. Nbd2 Rd8 10. Qc2 Bc5 11. d4 Bb4 12. a3 Be7 13. e3 Re8 14. Rfb1 Qa5 15.
Bc3 Qc7 16. Ne5 Nxe5 17. dxe5 Nd7 18. f4 Qb6 19. b4 Qxe3+ 20. Kh1 d4 21. Bb2 d3
22. Qc3 Nb6 23. Re1 Qf2 24. Rf1 Qe2 25. Bf3 Na4 26. Bxe2 Nxc3 27. Bxd3 Na4 28.
Bd4 Rd8 29. Nb3 a5 30. c5 Nxc5 31. Bxc5 Rxd3 32. Bxe7 Rxb3 33. Rfd1 f5 34. Rd8+
Kf7 35. Bc5 axb4 36. Bxb4 Rxb4 37. Rxc8 Rxc8 38. axb4 Rd8 39. Ra7 Rd7 40. Kg2
Ke8 41. Ra8+ Ke7 42. Ra7 b5 43. Ra6 Rd2+ 44. Kg1 c5 45. bxc5 Rc2 46. c6 Kd8 47.
Rb6 Kc7 48. Rxb5 Rxc6 49. Rb2 Kd8 50. Kf2 Rc7 51. Rd2+ Ke7 52. Ke2 Rc1 53. Kf2
Rh1 54. Kg2 Rc1 55. Kf2 Rh1 56. Kg2 Rc1 57. Kf2 1/2-1/2

[Event "4NCL Online Division 6"]
[Site "online"]
[Date "2020.09.22"]
[Round "3.253"]
[White "Cox, Lucian"]
[Black "Dunn, Jeff"]
[Result "0-1"]
[WhiteElo "1600"]
[BlackElo "1350"]
[PlyCount "88"]
[EventDate "2020.09.22"]
[WhiteTeam "MK Phoenix 3"]
[BlackTeam "East Kilbride Wanderers"]

1. e4 c5 2. d4 cxd4 3. c3 dxc3 4. Nxc3 e6 5. Nf3 Bb4 6. Bc4 Bxc3+ 7. bxc3 Qc7
8. Qb3 Nc6 9. O-O Na5 10. Qa4 Nxc4 11. g3 Qc6 12. Qb4 a5 13. Qb3 Qxe4 14. Nd4
Ne5 15. Bf4 Nf3+ 16. Nxf3 Qxf3 17. Rad1 Ne7 18. Rfe1 O-O 19. Bd6 Re8 20. Qa3
Nf5 21. Bc5 Qc6 22. Rb1 d6 23. Bb6 Bd7 24. Be3 Nxe3 25. Rxe3 e5 26. Rbe1 Bh3
27. f3 Be6 28. Rd3 Qc5+ 29. Qxc5 dxc5 30. Rxe5 Bxa2 31. Rxc5 g6 32. Rd2 Be6 33.
Rb5 Reb8 34. Rdb2 Ra7 35. Kf2 a4 36. Rb1 a3 37. Ra1 a2 38. Ke3 Rd8 39. Ke4 Rd2
40. h4 Rd7 41. g4 Ra3 42. Kf4 Rxc3 43. Kg5 Kg7 44. f4 f6# 0-1

[Event "4NCL Online Division 6"]
[Site "online"]
[Date "2020.09.22"]
[Round "3.254"]
[White "Shrestha, Unnabh"]
[Black "Wayne, Steven"]
[Result "1-0"]
[WhiteElo "1085"]
[BlackElo "1307"]
[PlyCount "73"]
[EventDate "2020.09.22"]
[WhiteTeam "East Kilbride Wanderers"]
[BlackTeam "MK Phoenix 3"]

1. d4 Nf6 2. Bf4 d6 3. e3 a6 4. Nf3 Bg4 5. c3 Nc6 6. Bd3 g6 7. Nbd2 Bg7 8. Qc2
O-O 9. h3 Bf5 10. Bxf5 gxf5 11. Qxf5 e6 12. Qc2 d5 13. O-O-O b5 14. a3 Na5 15.
Rdg1 c6 16. g4 Ne4 17. Nxe4 dxe4 18. Qxe4 Qd7 19. h4 Nc4 20. g5 Rfe8 21. Ne5
Nxe5 22. Bxe5 Bxe5 23. Qxe5 Qe7 24. h5 Rad8 25. g6 f6 26. gxh7+ Kh8 27. Qe4 Rd5
28. Qg6 Rg5 29. Rxg5 fxg5 30. Rg1 Rf8 31. f4 Qxh7 32. Qxh7+ Kxh7 33. Rxg5 Rf6
34. Kd2 Rh6 35. Kd3 Rf6 36. Ke4 Rh6 37. Ke5 1-0

[Event "4NCL Online Division 6"]
[Site "online"]
[Date "2020.09.22"]
[Round "3.5"]
[White "Thackray, John"]
[Black "Seyfried, Donald"]
[Result "1-0"]
[WhiteElo "1952"]
[BlackElo "1682"]
[PlyCount "59"]
[EventDate "2020.09.22"]
[WhiteTeam "St Andrews White Cross"]
[BlackTeam "Farnham B"]

1. c4 Nf6 2. d4 e6 3. Nc3 d5 4. Bg5 Bb4 5. e3 Nbd7 6. Bd3 c5 7. a3 Bxc3+ 8.
bxc3 h6 9. Bxf6 Nxf6 10. Nf3 O-O 11. O-O Qa5 12. Qb3 Bd7 13. a4 Bc6 14. Ne5
dxc4 15. Nxc6 bxc6 16. Qxc4 Rab8 17. Rfc1 Rb2 18. dxc5 Rfb8 19. Rab1 Rxb1 20.
Rxb1 Rxb1+ 21. Bxb1 Nd5 22. Be4 f5 23. Bxd5 exd5 24. Qb4 Qa6 25. g3 Kh7 26. Kg2
Qd3 27. Qd4 Qxd4 28. cxd4 a5 29. f3 g5 30. e4 1-0

[Event "4NCL Online Division 6"]
[Site "online"]
[Date "2020.09.22"]
[Round "3.6"]
[White "Pothecary, James"]
[Black "Scott, Ian"]
[Result "1/2-1/2"]
[WhiteElo "1645"]
[BlackElo "1540"]
[PlyCount "72"]
[EventDate "2020.09.22"]
[WhiteTeam "Farnham B"]
[BlackTeam "St Andrews White Cross"]

1. e4 c6 2. d4 d5 3. e5 Bf5 4. h4 h6 5. Bd3 Bxd3 6. Qxd3 e6 7. Ne2 c5 8. Qb5+
Qd7 9. Qxd7+ Nxd7 10. c3 cxd4 11. cxd4 Ne7 12. O-O Nf5 13. g3 Bb4 14. Bd2 Bxd2
15. Nxd2 O-O 16. Rac1 Rfc8 17. Nf3 b6 18. g4 Ne7 19. Nc3 a6 20. Ne2 Rc4 21. b3
Rcc8 22. Rxc8+ Rxc8 23. Rc1 Rxc1+ 24. Nxc1 Nc6 25. Kf1 f6 26. exf6 Nxf6 27. g5
hxg5 28. hxg5 Ne4 29. a3 Kf7 30. Ne2 Kg6 31. Nf4+ Kf5 32. Nh3 g6 33. Kg2 Kg4
34. Nh2+ Kf5 35. Nf3 Kg4 36. Nh2+ Kf5 1/2-1/2

[Event "4NCL Online Division 6"]
[Site "online"]
[Date "2020.09.22"]
[Round "3.7"]
[White "Clayton, N Charles"]
[Black "Warren, Archie"]
[Result "1-0"]
[WhiteElo "1480"]
[BlackElo "1337"]
[PlyCount "129"]
[EventDate "2020.09.22"]
[WhiteTeam "St Andrews White Cross"]
[BlackTeam "Farnham B"]

1. d4 Nf6 2. Nf3 g6 3. e3 Bg7 4. Be2 d5 5. b3 Ne4 6. Bb2 O-O 7. O-O c5 8. Nbd2
Nc6 9. c4 Bd7 10. cxd5 Nb4 11. Nxe4 cxd4 12. exd4 Nxd5 13. Bc4 Bc6 14. Nc3 Nb6
15. Be2 e6 16. Ne5 Qc7 17. Nxc6 Qxc6 18. Bf3 Qd7 19. Ne4 Rfd8 20. Nc5 Qc7 21.
Rc1 Qe7 22. Nxb7 Rd7 23. Nc5 Rad8 24. Nxd7 Rxd7 25. Re1 Qd8 26. Bc6 Rd6 27. Qc2
Bh6 28. Rcd1 Nc8 29. Ba3 Rxd4 30. Rxd4 Qxd4 31. Bb2 Qh4 32. Qc3 f6 33. Qxf6
Qxf6 34. Bxf6 Kf7 35. Bd4 Ne7 36. Bd7 Bg5 37. Bxe6+ Kf8 38. Bc5 Ke8 39. Bxe7
Kxe7 40. Bg8+ Kf8 41. Bxh7 Kg7 42. Bxg6 Kxg6 43. a4 Kf5 44. b4 Bd2 45. Rd1 Bxb4
46. Rd7 a5 47. Rg7 Kf6 48. Rg3 Kf5 49. h4 Kf4 50. h5 Bd6 51. Rh3 Kg5 52. h6 Be5
53. h7 Bh8 54. f3 Kg6 55. g4 Bd4+ 56. Kg2 Bh8 57. f4 Kf6 58. Rh5 Kg6 59. f5+
Kf6 60. Kg3 Kf7 61. g5 Kg7 62. g6 Kf6 63. Kf4 Kg7 64. Kg5 Kf8 65. f6 1-0

[Event "4NCL Online Division 6"]
[Site "online"]
[Date "2020.09.22"]
[Round "3.8"]
[White "Franklin, Tony"]
[Black "Ezra, Raymond"]
[Result "1/2-1/2"]
[WhiteElo "1300"]
[BlackElo "1262"]
[PlyCount "76"]
[EventDate "2020.09.22"]
[WhiteTeam "Farnham B"]
[BlackTeam "St Andrews White Cross"]

1. Nf3 g6 2. g3 Bg7 3. Bg2 Nf6 4. c4 Nc6 5. b3 Nh5 6. Nc3 d6 7. Bb2 Bd7 8. e4
Nb4 9. O-O Qc8 10. d4 c5 11. a3 cxd4 12. Nxd4 Nc6 13. Nxc6 Bxc6 14. Ra2 O-O 15.
Nd5 Re8 16. Bxg7 Nxg7 17. Rc2 Bd7 18. Re1 Be6 19. h4 Bh3 20. Bxh3 Qxh3 21. Nc7
f5 22. Nxa8 Rxa8 23. Qd5+ e6 24. Qxb7 Rf8 25. e5 Nh5 26. Qg2 Qg4 27. exd6 Qd4
28. c5 Nf6 29. Rxe6 Qd1+ 30. Kh2 Qxc2 31. Rxf6 Rxf6 32. Qa8+ Rf8 33. Qd5+ Rf7
34. d7 Qxf2+ 35. Kh3 Qf1+ 36. Kh2 Qf2+ 37. Kh3 Qf1+ 38. Kh2 Qf2+ 1/2-1/2

[Event "4NCL Online Division 6"]
[Site "online"]
[Date "2020.09.22"]
[Round "3.15"]
[White "Dobbie, Graham"]
[Black "Green, George D A"]
[Result "1-0"]
[WhiteElo "1823"]
[BlackElo "1825"]
[PlyCount "49"]
[EventDate "2020.09.22"]
[WhiteTeam "East Kilbride Rovers"]
[BlackTeam "Crowthorne 2"]

1. c4 c5 2. Nc3 Nc6 3. g3 Nf6 4. Bg2 g6 5. d3 Bg7 6. e4 d6 7. Nge2 O-O 8. O-O
Rb8 9. f4 e6 10. h3 a6 11. a4 Bd7 12. Be3 e5 13. f5 Nd4 14. g4 h6 15. g5 hxg5
16. Bxg5 gxf5 17. exf5 Qc8 18. Bxf6 Bxf6 19. Nd5 Qd8 20. Nxd4 cxd4 21. Qh5 Bc6
22. Rf3 Bh4 23. f6 Bxd5 24. Qg4+ Kh7 25. Qg7# 1-0

[Event "4NCL Online Division 6"]
[Site "online"]
[Date "2020.09.22"]
[Round "3.16"]
[White "Love, James"]
[Black "Shrestha, Deepesh"]
[Result "0-1"]
[WhiteElo "1697"]
[BlackElo "1131"]
[PlyCount "74"]
[EventDate "2020.09.22"]
[WhiteTeam "Crowthorne 2"]
[BlackTeam "East Kilbride Rovers"]

1. e4 c6 2. Nf3 d5 3. exd5 cxd5 4. d4 Nc6 5. Nc3 Bg4 6. Bb5 Nf6 7. h3 Bh5 8. g4
Bg6 9. Ne5 e6 10. Nxc6 bxc6 11. Bxc6+ Nd7 12. Bxa8 Qxa8 13. Be3 Bb4 14. Rb1 O-O
15. a3 Bd6 16. h4 Nf6 17. h5 Nxg4 18. Qxg4 Bf5 19. Qg2 Rb8 20. Bh6 g6 21. hxg6
fxg6 22. Qg5 Bxa3 23. Qf6 Bf8 24. Bf4 Rb7 25. Qh4 Bxc2 26. Rc1 Bf5 27. Nxd5
exd5 28. Rc7 Qe8+ 29. Be3 Rxc7 30. Kd2 Bb4+ 31. Kd1 Qa4+ 32. Ke2 Qc2+ 33. Kf3
Be4+ 34. Kf4 Bxh1 35. Qxh1 Bd6+ 36. Kg5 Qf5+ 37. Kh4 Qh5# 0-1